| 000 | 00825nam a22002057a 4500 | ||
|---|---|---|---|
| 001 | EIF-VIII-2013-M9-004 | ||
| 003 | OSt | ||
| 005 | 20221223064447.0 | ||
| 008 | 221223b |||||||| |||| 00| 0 eng d | ||
| 040 |
_aFundación Jesús Pereda _cFundación Jesús Pereda |
||
| 041 | _aCastellano | ||
| 100 |
_aÁguila Torres, Juan José del _9420 |
||
| 111 |
_aEncuentro de Investigadores del Franquismo _c(Barcelona. _d2013. _n8º) _9100 |
||
| 245 |
_aLas supuestas defensas en los Consejos de Guerra Sumarísimos del franquismo _c/Juan José del Águila Torres |
||
| 650 | 0 |
_9773 _aJusticia militar |
|
| 650 | 0 |
_9791 _aAbogados |
|
| 773 | _tActas del VIII Encuentro de Investigadores del Franquismo | ||
| 856 | _uhttps://bibliotecaccoocyl.fundacionjesuspereda.es/cgi-bin/koha/opac-retrieve-file.pl?id=667e7de79eab002c89af72a51080367e | ||
| 942 |
_2ddc _cCF _n0 |
||
| 999 |
_c478 _d478 |
||